Market application of the fuzzy-stochastic approach in the heston option pricing model

Analýza stochastického správania kľúčových finančných premenných. Prispôsobenie metodológie fuzzy čísiel na oceňovanie opcií a meranie volatility. Modely oceňovania opcií. Hestonov stochastický model volatility.

Saved in:
Bibliographic Details
Main Author: Figà-Talamanca, Gianna
Other Authors: Guerra, Maria Letizia, Stefanini, Luciano
Format: Book Chapter
Language:English
Subjects:
Tags: Add Tag
No Tags, Be the first to tag this record!

MARC

LEADER 00000naa a2200000 4500
001 0152620
005 20231010120103.1
041 0 |a eng 
044 |a CZ 
245 1 0 |a Market application of the fuzzy-stochastic approach in the heston option pricing model  |c Gianna Figà-Talamanca, Maria Letizia Guerra, Luciano Stefanini 
520 |a Analýza stochastického správania kľúčových finančných premenných. Prispôsobenie metodológie fuzzy čísiel na oceňovanie opcií a meranie volatility. Modely oceňovania opcií. Hestonov stochastický model volatility. 
610 2 0 |a trh finančný 
610 2 0 |a oceňovanie 
610 2 0 |a opcie 
610 2 0 |a volatilita 
610 2 0 |a modely stochastické 
100 1 |a Figà-Talamanca, Gianna 
700 1 |a Guerra, Maria Letizia 
700 1 |a Stefanini, Luciano